El proyecto educativo : elementos para la construcción colectiva de una institución de calidad

Salvato in:
Dettagli Bibliografici
Autore principale: Pulido, María Cristina
Natura: Libro
Lingua:Spanish
Pubblicazione: Santa Fé de Bogotá : Cooperativa Editorial Magisterio, 2008
Edizione:2a Ed.
Serie:Colección mesa redonda ; 26
Soggetti:
Accesso online:Enlace del recurso
Tags: Aggiungi Tag
Nessun Tag, puoi essere il primo ad aggiungerne! !

MARC

LEADER 00000cam a2200000 a 4500
003 OSt
005 20160622154846.0
008 950627r19961995ck r 00010dspa d
015 |a ck-1995-xxxx 
040 |a CO-BoIIE  |c CO-BoIIE 
041 0 |a spa 
082 0 4 |a 370.986   |b P85p  
100 1 |a Pulido, María Cristina. 
245 1 3 |a El proyecto educativo :   |b elementos para la construcción colectiva de una institución de calidad   |c María Cristina Pulido. 
250 |a 2a Ed. 
260 |a Santa Fé de Bogotá :   |b Cooperativa Editorial Magisterio,   |c 2008 
300 |a 123 p. ;  
440 0 |a Colección mesa redonda ;   |v 26 
650 6 |a Planificación educativa  |z  Colombia. 
650 |a Política educativa  |z  Colombia. 
942 |2 ddc  |c BK 
949 |a c   |b c 
999 |c 4715  |d 4715 
856 |u https://catalogo.idep.edu.co/cgi-bin/koha/opac-detail.pl?biblionumber=4715  |z Enlace del recurso